| 000 | 00347nam a2200145Ia 4500 | ||
|---|---|---|---|
| 005 | 20251222152044.0 | ||
| 008 | 251222s9999||||xx |||||||||||||| ||spa|| | ||
| 020 | _a978-612-4118-61-6 | ||
| 082 | _a343.056/A66 | ||
| 100 | _aAraujo Mattos, Cintya Sharon | ||
| 245 | 0 | _aSADA | |
| 250 | _a1a.ed. | ||
| 264 | _bInstituto PacĂfico, | ||
| 942 | _cLIB | ||
| 999 |
_c26170 _d26170 |
||